Jharkhand quiz book / (Record no. 84860)

MARC details
000 -LEADER
fixed length control field 00511nam a22001817a 4500
005 - DATE AND TIME OF LATEST TRANSACTION
control field 20140611152217.0
010 ## - LCCN (DPL NO)
LC control number ENG-110144
020 ## - INTERNATIONAL STANDARD BOOK NUMBER
International Standard Book Number 9788184302561
Terms of availability 250.00
035 ## - SYSTEM CONTROL NUMBER
System control number EN-93676
037 ## - SOURCE OF ACQUISITION
Source of stock number/acquisition DBAD/PUB
082 ## - DEWEY DECIMAL CLASSIFICATION NUMBER
Classification number 954.53
100 ## - MAIN ENTRY--PERSONAL NAME
Personal name Kunwar, Gopi Krishna
245 ## - TITLE STATEMENT
Title Jharkhand quiz book /
Statement of responsibility, etc by Gopi Krishna Kunwar
260 ## - PUBLICATION, DISTRIBUTION, ETC. (IMPRINT)
Place of publication, distribution, etc New Delhi
Name of publisher, distributor, etc Ocean Books
Date of publication, distribution, etc 2014
270 ## - ADDRESS
Address 4/19 Asaf Ali Road
City New Delhi
Postal code 110002
300 ## - PHYSICAL DESCRIPTION
Extent 168p.
Dimensions 22cm(Hb)
942 ## - ADDED ENTRY ELEMENTS (KOHA)
Source of classification or shelving scheme Dewey Decimal Classification
Item type English Books
Call number suffix KUN
Classification part 954.53
Holdings
Withdrawn status Lost status Not for loan Collection code Home library Current library Date acquired Source of acquisition Cost, normal purchase price Full call number Barcode Copy number Cost, replacement price Koha item type
    Not For Loan Non-fiction D.B.Act.Division D.B.Act.Division 05/06/2014 DBAD/PUB 250.00 954.53 KUN EN-93676 1 250.00 English Books

© Delhi Public Library
Hit Counter
free hit counter